[Event "Main Vogelsberg op 4th"]
[Site "Heusenstamm"]
[Date "2009.05.03"]
[Round "7"]
[White "Rondio, Thomas"]
[Black "Zeidler, Andre"]
[Result "0-1"]
[WhiteElo "1824"]
[BlackElo "1230"]
[PlyCount "54"]
[EventDate "2009.04.30"]
[EventType "swiss"]
[EventRounds "7"]
[EventCountry "GER"]
[SourceTitle "CBM 130 Extra"]
[Source "ChessBase"]
[SourceDate "2009.07.02"]
[SourceVersion "2"]
[SourceVersionDate "2009.07.15"]
[SourceQuality "1"]

1. e4 c5 2. Nf3 d6 3. d4 cxd4 4. Nxd4 Nf6 5. Nc3 a6 6. Bg5 e6 7. f4 Be7 8. Qf3 Qc7 9. 0-0-0 b5 10. e5 Bb7 11. exd6 Bxd6 12. Qe3 0-0 13. Bxf6 Bxf4 14. Bg5 Bxe3+ 15. Bxe3 Nc6 16. Nf3 Rfd8 17. Bd3 Ne5 18. Be2 Nxf3 19. gxf3 Rxd1+ 20. Nxd1 Rc8 21. c3 b4 22. Kb1 a5 23. Bd2 Bd5 24. Ne3 b3 25. a3 Qc6 26. Rf1 Qd6 27. f4 Bg2 0-1

[Event "Main Vogelsberg op 4th"]
[Site "Heusenstamm"]
[Date "2009.05.02"]
[Round "4"]
[White "Zeidler, Andre"]
[Black "Kondziela, Andreas"]
[Result "1-0"]
[WhiteElo "1230"]
[BlackElo "1779"]
[PlyCount "49"]
[EventDate "2009.04.30"]
[EventType "swiss"]
[EventRounds "7"]
[EventCountry "GER"]
[SourceTitle "CBM 130 Extra"]
[Source "ChessBase"]
[SourceDate "2009.07.02"]
[SourceVersion "2"]
[SourceVersionDate "2009.07.15"]
[SourceQuality "1"]

1. e4 c5 2. Nf3 d6 3. d4 cxd4 4. Nxd4 Nf6 5. Nc3 a6 6. Bg5 e6 7. f4 Qb6 8. Nb3 Nbd7 9. Qf3 Qc7 10. g4 b5 11. Bxf6 Nxf6 12. g5 Nd7 13. Bg2 Bb7 14. f5 Ne5 15. Qf2 0-0-0 16. 0-0-0 Kb8 17. fxe6 fxe6 18. Ne2 Be7 19. h4 Rc8 20. Ned4 Qc4 21. Rhe1 Nd3+ 22. Rxd3 Qxd3 23. Bf1 Rhf8 24. Qxf8 Rxf8 25. Bxd3 1-0